Convocatoria al Primer Congreso Nacional de Educación: Chile educa a Chile

Guardat en:
Dades bibliogràfiques
Autor corporatiu: Colegio de Profesores de Chile A.G (Autor)
Format: Llibre
Idioma:espanyol
Publicat: Santiago Colegio de Profesores de Chile A.G 1997
Matèries:
Etiquetes: Afegir etiqueta
Sense etiquetes, Sigues el primer a etiquetar aquest registre!

MARC

LEADER 00000nam a2200000 a 4500
001 UCP1320
003 CL-VaPUC
005 20240709090822.0
008 990409e19970000cl 1 spa d
082 0 4 |a 370.71  |b COL  |2 21 
110 2 |a Colegio de Profesores de Chile A.G  |e author  |9 619405 
245 1 0 |a Convocatoria al Primer Congreso Nacional de Educación: Chile educa a Chile 
246 1 0 |a Documento base de discusión 
260 |a Santiago  |b Colegio de Profesores de Chile A.G  |c 1997 
300 |a 64 p 
583 |a last modification  |c 19990409 00:00:00  |k Rodrigo Vera 
650 0 0 |a Formación profesional de profesores  |9 307493 
650 0 0 |a Congresos  |9 257560 
650 0 0 |a Currículo  |9 307290 
650 0 0 |a Educación pública  |9 309676 
650 0 7 |a EDUCACION PRIVADA  |2 CL-VaPUC  |9 307919 
650 0 7 |a DESENTRALIZACION DE LA EDUCACION  |2 CL-VaPUC  |9 419925 
942 |c BK 
945 |a rbrito  |d 19990409 00:00:00 
546 |a En Español 
536 |a Colegio de Profesores de Chile A. G 
518 |p Congreso Nacional de Educación, 1, Santiago, 1997 
999 |c 383379  |d 383377 
952 |0 0  |1 0  |4 0  |6 370_710000000000000_COL_1997  |7 0  |8 P  |9 505479  |a BIBEDU  |b BIBEDU  |c BIBEDU_PB  |d 2020-01-23  |i 3487792  |o 370.71 COL 1997  |p 3487792  |r 2024-01-25  |w 2020-01-23  |y BK  |k EDU 
952 |0 0  |1 0  |4 0  |6 370_710000000000000_COL_1997  |7 0  |8 P  |9 505480  |a BIBEDU  |b BIBEDU  |c BIBEDU_PB  |d 2020-01-23  |i 3469158  |o 370.71 COL 1997  |p 3469158  |r 2024-01-25  |w 2020-01-23  |y BK  |k BME